Pretty Little Liars Quiz - Statistics

General Stats
  • This quiz has been taken 424 times
  • The average score is 5 of 15
Answer Stats
Hint Answer % Correct
What was Emily's BF in Season 1 Ben
85%
What is Aria's brothers name? Mike
67%
Where did Aria and her family move to? Iceland
52%
What is Ali's Alias Vivian DarkBloom
45%
What did Hannah get caught doing at the start of season 1? Shoplifting
43%
What is the name of the bird that sings a cell phone number? Tippi
32%
What is the name of the hospital Spencer and Mona stay in? Radley Sanitarium
31%
Who pulled Ali out of her grave when she was burried alive? Carla Grunwald
26%
What is the name of the college that Byron and Ezra teach at? Hollis College
26%
Where did Aria and Ezra meet? A Bar
25%
Whats the name of the town where the creepy doll shop is? BrookHaven
23%
What is the full name of the cafe were Emily works? Rear Window Brew
8%
What colour is Aria's hair in the flashbacks before Ali's death? Black with pink streaks
5%
What was the first text sent by A to The Liars say? Maybe He fools around with students all of the time alot of teachers do just ask you dad
1%
How was Jenna blinded? The liars threw a stinkbomb in to the garage were she was
1%
No matching quizzes found
Score Distribution
Percent of People with Each Score
Percentile by Number Answered
Your Score History
You have not taken this quiz